Statystyki dla Państwa na literę B

Kliknij tutaj aby rozwiązać quiz!

Ogólne statystyki

  • Ten quiz został rozwiązany 33 698 razy
  • Średni wynik to 9 z 17

Statystyki odpowiedzi

Kraj% Poprawnych
Brazylia
89%
Belgia
88%
Boliwia
73%
Białoruś
72%
Bułgaria
70%
Bangladesz
64%
Bośnia i Hercegowina
60%
Bhutan
50%
Belize
48%
Botswana
47%
Bahamy
45%
Barbados
41%
Brunei
39%
Burkina Faso
38%
Benin
37%
Bahrajn
37%
Burundi
37%

Rozkład punktacji

Percentyl według liczby udzielonych odpowiedzi

Procent ludzi z każdym wynikiem

Twoja historia wyników

Nie rozwiązałeś tego quizu